Statistiques concernant Communes de la vallée de la Tinée

Cliquez ici pour prendre le quiz!

Statistiques générales

  • Ce quiz a été pris 8 fois
  • Le résultat moyen est 8 sur 14

Statistiques - réponses

Réponse% Correct
Isola
100%
Saint-Sauveur-sur-Tinée
100%
Saint-Etienne-de-Tinée
75%
Bairols
50%
Clans
50%
Ilonse
50%
La Tour
50%
Marie
50%
Roubion
50%
Roure
50%
Saint-Dalmas-le-Selvage
50%
Tournefort
50%
Rimplas
25%
Valdeblore
25%

Distribution des résultats

Percentile par nombre de réponses

% des personnes avec chaque résultat

Votre développement - résultats

Vous n’avez pas pris ce quiz